000 00442nam a2200193Ia 4500
005 20250603144917.0
008 250603s9999 xx 000 0 und d
020 _a9781118472958
050 _aRC 582 .C43/
100 _aChapel, Helen
245 0 _aEssentials of clinical immunology
250 _a6th ed.
260 _aOxford
260 _bJohn Wiley & Sons
260 _c2014
300 _a365 p
650 _aOxford
942 _cBK
999 _c40312
_d40312